[Event "Tourn. n8232"]
[Site "www.chess-mail.com"]
[Date "2015.07.20"]
[Round "1"]
[White "Faerieking"]
[Black "Chiccogianca"]
[WhiteElo "2180"]
[BlackElo "2010"]
[Result "1-0"]
[Round "1"]
1.e4 b6
2.Bf1c4 e6
3.Nb1c3 Bc8b7
4.d3 g6
5.Ng1e2 Bf8g7
6.h4 h5
7.Bc1g5 Ng8e7
8.Qd1d2 a6
9.a3 d6
10.O-O-O Nb8d7
11.f3 b5
12.Bc4a2 Nd7b6
13.Ne2f4 Qd8d7
14.Rh1e1 O-O-O
15.Kb1 Kb8
16.d4 Rd8e8
17.Nf4h3 d5
18.e5 Qd7c8
19.Qd2f4 Rh8f8
20.Bg5f6 Bg7xf6
21.exf6 Ne7g8
22.g4 hxg4
23.fxg4 Qc8d8
24.g5 Ka7
25.Nh3f2 Qd8c8
26.Nf2d3 Nb6d7
27.b4 Kb6
28.Ba2b3 a5
29.bxa5 Kxa5
30.Nd3c5 c6
31.Kb2 Kb6
32.Qf4d6 Nd7xc5
33.Qd6xc5 Ka6
34.a4 Qc8a8
35.axb5 cxb5
36.Rd1a1 { resign }
1-0

[Event "Tourn. n8142"]
[Site "www.chess-mail.com"]
[Date "2015.07.20"]
[Round "1"]
[White "Ffdd65"]
[Black "Falcoale"]
[WhiteElo "2160"]
[BlackElo "2000"]
[Result "1-0"]
[Round "1"]
1.e4 c5
2.c3 Nb8c6
3.Bf1b5 Qd8c7
4.Ng1e2 a6
5.Bb5xc6 Qc7xc6
6.Ne2g3 e6
7.O-O Ng8f6
8.e5 Nf6d5
9.d4 b6
10.f3 cxd4
11.cxd4 Bc8b7
12.Ng3e2 Bf8e7
13.Nb1c3 O-O
14.Ne2f4 Nd5xf4
15.Bc1xf4 f6
16.Ra1c1 Qc6c8
17.Nc3d5 Qc8d8
18.Nd5xe7 Qd8xe7
19.Rc1c7 Bb7c6
20.a3 a5
21.Qd1d2 Qe7d8
22.exf6 Rf8xf6
23.Bf4d6 Ra8c8
24.Rc7xc8 Qd8xc8
25.Qd2g5 Qc8e8
26.Bd6e5 Rf6g6
27.Qg5f4 Qe8a8
28.g4 Bc6b5
29.Rf1c1 Bb5c6
30.Kf2 Qa8f8
31.Qf4xf8 Kxf8
32.h4 Kf7
33.h5 Rg6g5
34.Kg3 b5
35.f4 Rg5xe5
36.dxe5 g6
37.Kh4 Kg7
38.Rc1f1 Bc6e4
39.Rf1e1 Be4d5
40.Re1e2 gxh5
41.Kxh5 h6
42.Re2d2 Kh7
43.f5 Bd5c6
44.f6 b4
45.f7 Kg7
46.Rd2f2 Kf8
47.Kxh6 { resign }
1-0

[Event "Tourn. n8220"]
[Site "www.chess-mail.com"]
[Date "2015.07.20"]
[Round "1"]
[White "Duff"]
[Black "Generalfree"]
[WhiteElo "1910"]
[BlackElo "1800"]
[Result "0-1"]
[Round "1"]
1.e4 c6
2.d4 d5
3.Nb1c3 dxe4
4.Nc3xe4 e5
5.dxe5 Qd8xd1
6.Kxd1 Bc8f5
7.Ne4g3 Bf5e6
8.Bc1e3 b6
9.Bf1d3 Nb8d7
10.Ng1f3 Bf8e7
11.Bd3e4 Be6d5
12.Be4xd5 cxd5
13.Ng3f5 Be7c5
14.Be3xc5 bxc5
15.Nf5xg7 Kf8
16.Ng7f5 Ra8e8
17.Rh1e1 Ng8e7
18.Nf5d6 Re8b8
19.b3 Rb8b6
 { time }
0-1

[Event "Tourn. n8211"]
[Site "www.chess-mail.com"]
[Date "2015.07.20"]
[Round "1"]
[White "Azulmarino"]
[Black "Merimee"]
[WhiteElo "1570"]
[BlackElo "1530"]
[Result "0-1"]
[Round "1"]
1.e4 e5
2.Ng1f3 Nb8c6
3.Bf1c4 Qd8e7
4.d3 d6
5.Bc1g5 Ng8f6
6.Bc4b5 Bc8d7
7.Nb1c3 O-O-O
8.Nc3d5 Qe7e6
9.h3 Bf8e7
10.O-O Nc6d4
11.Nf3xd4 exd4
12.Nd5f4 Qe6e5
13.Bb5c4 Qe5xg5
14.Qd1f3 d5
15.exd5 Be7d6
16.g3 Bd6xf4
17.h4 Qg5h5
18.Qf3g2 Bf4d2
19.Rf1d1 Bd2a5
20.a4 a6
21.Ra1a3 Qh5xd1
22.Qg2f1 Qd1xc2
23.Bc4b3 Qc2xb2
24.Ra3a1 Qb2xb3
25.Qf1g2 Qb3xd3
26.f3 Nf6xd5
27.Ra1a2 Nd5e3
28.Qg2f2 Qd3d1
{ resign }
0-1

[Event "Tourn. n8292"]
[Site "www.chess-mail.com"]
[Date "2015.07.20"]
[Round "1"]
[White "Silent1"]
[Black "Wegaman"]
[WhiteElo "1960"]
[BlackElo "1890"]
[Result "0-1"]
[Round "1"]
1.c4 e5
2.d4 exd4
3.Qd1xd4 Nb8c6
4.Qd4e4 Bf8e7
5.e3 Ng8f6
6.Qe4d3 O-O
7.Ng1f3 Be7b4
8.Bc1d2 d6
9.Bd2xb4 Nc6xb4
10.Qd3c3 Nb4c6
11.Bf1d3 Bc8g4
12.Nb1d2 Rf8e8
13.O-O d5
14.cxd5 Nf6xd5
15.Qc3c1 Nc6b4
16.Bd3e2 Nb4c6
17.h3 Bg4h5
18.a3 Nd5f4
19.Qc1d1 Nf4xe2
20.Qd1xe2 Nc6d4
21.Ra1c1 Nd4xe2
22.Kh1 Ne2xc1
{ resign }
0-1

[Event "Tourn. n8292"]
[Site "www.chess-mail.com"]
[Date "2015.07.20"]
[Round "1"]
[White "Silent1"]
[Black "Bojan"]
[WhiteElo "1960"]
[BlackElo "1890"]
[Result "0-1"]
[Round "1"]
1.f4 b6
2.Ng1f3 Bc8b7
3.d3 e6
4.e4 Bf8c5
5.Nb1c3 Nb8c6
6.Qd1e2 Qd8f6
7.Bc1e3 Bc5xe3
8.Qe2xe3 a6
9.Bf1e2 Qf6g6
10.O-O Ng8h6
11.h3 f6
12.Nf3h4 Qg6f7
13.f5 e5
14.Be2d1 Nc6d4
15.Nc3e2 Nd4xe2
16.Qe3xe2 O-O-O
17.Qe2h5 Qf7e7
18.Qh5e2 d5
19.c3 dxe4
20.dxe4 Nh6f7
21.Bd1c2 Rd8d6
22.Rf1d1 Rh8d8
23.Rd1xd6 Rd8xd6
24.Ra1d1 Rd6xd1
25.Qe2xd1 Nf7g5
26.Qd1e1 Qe7c5
27.Kh1 Qc5c4
28.Nh4f3 Ng5xe4
29.Bc2xe4 Qc4xe4
30.Qe1xe4 Bb7xe4
31.Nf3h4 Kd7
32.Kg1 Kc6
33.Kf2 Be4b1
34.a3 Kb5
35.g4 Kc4
36.Nh4f3 Kb3
37.Nf3d2 Kxb2
38.Nd2xb1 Kxb1
39.Ke3 Kb2
{ resign }
0-1

[Event "Tourn. n8209"]
[Site "www.chess-mail.com"]
[Date "2015.07.20"]
[Round "1"]
[White "Oliverio"]
[Black "Falcoale"]
[WhiteElo "1720"]
[BlackElo "1860"]
[Result "0-1"]
[Round "1"]
1.c4 Ng8f6
2.Nb1c3 e6
3.d4 b6
4.e4 Bc8b7
5.Bf1d3 Bf8b4
6.Qd1c2 h6
7.Bc1d2 O-O
8.Ng1f3 Bb4xc3
9.Bd2xc3 Rf8e8
10.O-O d6
11.Ra1d1 Qd8c8
12.Rf1e1 e5
13.dxe5 dxe5
14.Nf3xe5 Nb8c6
 { time }
0-1

[Event "Tourn. n8130"]
[Site "www.chess-mail.com"]
[Date "2015.07.20"]
[Round "1"]
[White "Falcoale"]
[Black "Blackpool"]
[WhiteElo "2010"]
[BlackElo "1980"]
[Result "1-0"]
[Round "1"]
1.e4 e5
2.Ng1f3 f5
3.exf5 e4
4.Nf3d4 Ng8f6
5.Bf1c4 d5
6.Bc4b3 Bf8c5
7.Nd4e6 Bc8xe6
8.fxe6 Qd8e7
9.O-O Qe7xe6
10.d3 c6
11.dxe4 O-O
12.Nb1c3 Nf6xe4
13.Nc3xe4 Qe6xe4
14.c3 Nb8d7
15.Bb3c2 Qe4e7
16.Bc2b3 Qe7f6
17.c4 Bc5xf2
18.Kh1 Nd7b6
19.Bc1e3 Qf6h4
20.Be3xf2 Rf8xf2
21.Rf1xf2 Qh4xf2
22.Ra1b1 dxc4
23.Bb3c2 Nb6d5
24.Qd1h5 Qf2xg2
25.Kxg2 Nd5f4
26.Kf3  { time }
1-0

[Event "Tourn. n8188"]
[Site "www.chess-mail.com"]
[Date "2015.07.20"]
[Round "1"]
[White "Panham"]
[Black "Syd"]
[WhiteElo "2030"]
[BlackElo "2180"]
[Result "1-0"]
[Round "1"]
1.d4 Ng8f6
2.c4 c5
3.d5 b5
4.Qd1c2 bxc4
5.e4 d6
6.Bf1xc4 g6
7.Ng1f3 Bf8g7
8.Nb1c3 O-O
9.O-O Nb8d7
10.Bc1g5 h6
11.Bg5e3 Nf6g4
12.Be3f4 Ng4e5
13.Bc4e2 Ne5xf3
14.Be2xf3 Nd7e5
15.Bf3e2 Qd8a5
16.Qc2a4 Qa5xa4
17.Nc3xa4 Bc8d7
18.Na4c3 Ra8b8
19.Ra1b1 Rb8b6
20.Bf4d2 g5
21.f4  { time }
1-0

[Event "Tourn. n8220"]
[Site "www.chess-mail.com"]
[Date "2015.07.20"]
[Round "1"]
[White "Generalfree"]
[Black "Gambitchess"]
[WhiteElo "1780"]
[BlackElo "1850"]
[Result "1-0"]
[Round "1"]
1.d4 Ng8f6
2.Ng1f3 e6
3.Qd1d3 d5
4.g3 Bf8d6
5.Bf1h3 Nb8c6
6.c3 O-O
7.Bc1e3 e5
8.Bh3xc8 Ra8xc8
9.Nb1d2 e4
10.Qd3b5 Rc8b8
11.Nf3h4 a6
12.Qb5a4 Nf6g4
13.Nh4g2 Ng4xe3
14.Ng2xe3 Nc6e7
15.b4 f5
16.f4 exf3
{ time. }
1-0

[Event "Tourn. n8233"]
[Site "www.chess-mail.com"]
[Date "2015.07.20"]
[Round "1"]
[White "Jasmartin"]
[Black "Masterchess"]
[WhiteElo "1690"]
[BlackElo "1840"]
[Result "1-0"]
[Round "1"]
1.e4 d6
2.d4 Ng8f6
3.Nb1c3 g6
4.Ng1f3 Bf8g7
5.Bf1c4 O-O
6.O-O Nf6xe4
7.Nc3xe4 d5
8.Ne4d2 { time. }
1-0

[Event "Tourn. n8134"]
[Site "www.chess-mail.com"]
[Date "2015.07.20"]
[Round "1"]
[White "Olddog55"]
[Black "Anja"]
[WhiteElo "1690"]
[BlackElo "1690"]
[Result "0-1"]
[Round "1"]
1.d4 f5
2.e3 Ng8f6
3.Ng1f3 g6
4.Bf1c4 d5
5.Bc4b3 Bf8g7
6.Nb1c3 O-O
7.Nf3e5 Nb8c6
8.f4 e6
9.O-O Nf6e4
10.Nc3xe4 fxe4
11.c4 Bg7xe5
12.dxe5 Nc6a5
13.cxd5 Na5xb3
14.Qd1xb3 exd5
15.Bc1d2 Bc8e6
16.Qb3xb7 Ra8b8
17.Qb7a6 Be6d7
18.b3 Bd7b5
19.Qa6e6 Kg7
20.Rf1c1 Rf8e8
21.Qe6h3 Bb5d7
22.Qh3g3 c6
23.Bd2c3 Bd7f5
24.e6 Kg8
25.Bc3e5 Rb8b6
26.Be5d4 Rb6a6
27.Qg3e1 Re8xe6
28.Qe1e2 c5
29.Rc1xc5 Qd8d7
30.Ra1c1 Re6c6
31.a4 Rc6xc5
32.Rc1xc5 Ra6b6
33.Qe2c2 Rb6b7
34.Rc5c8 Qd7xc8
35.Bd4c5 Rb7c7
36.b4 a5
37.Qc2b3 Rc7xc5
38.bxc5 Qc8xc5
39.Qb3b8 Kg7
40.h3 Qc5xe3
41.Kh1 Qe3c5
42.g4 Bf5e6
43.Qb8e5 Kf7
44.f5 Qc5c1
45.Kg2 Qc1d2
46.Kf1 Qd2d1
47.Kf2 Qd1f3
48.Kg1 gxf5
49.Qe5c7 Kg6
50.Qc7xa5 e3
51.Qa5c3 Qf3f2
52.Kh1 e2
{ resign }
0-1

[Event "Tourn. n8197"]
[Site "www.chess-mail.com"]
[Date "2015.07.20"]
[Round "1"]
[White "Libiesse"]
[Black "Colchester"]
[WhiteElo "2000"]
[BlackElo "2010"]
[Result "1/2-1/2"]
[Round "1"]
1.d4 d5
2.c4 c6
3.cxd5 cxd5
4.Nb1c3 Ng8f6
5.Ng1f3 g6
6.Bc1g5 Bf8g7
7.e3 O-O
8.Bf1e2 Nb8c6
9.O-O a6
10.Qd1b3 e6
11.Rf1c1 h6
12.Bg5xf6 Bg7xf6
13.Nc3a4 Nc6e7
14.Rc1c3 Ne7c6
15.Ra1c1 Bf6g7
16.Na4b6 Ra8b8
17.Nb6xc8 { draw }
1/2-1/2

[Event "Tourn. n8197"]
[Site "www.chess-mail.com"]
[Date "2015.07.20"]
[Round "1"]
[White "Bobjones"]
[Black "Libiesse"]
[WhiteElo "2220"]
[BlackElo "2000"]
[Result "1-0"]
[Round "1"]
1.d4 d5
2.c4 e6
3.Ng1f3 Ng8f6
4.e3 Bf8e7
5.Bf1d3 O-O
6.O-O Nb8d7
7.Nb1c3 dxc4
8.Bd3xc4 c5
9.a3 cxd4
10.Nf3xd4 b6
11.Nd4c6 Qd8e8
12.Nc3b5 Nd7c5
13.Nc6xa7 Qe8d8
14.Na7c6 Qd8e8
15.Nc6xe7 Qe8xe7
16.b4 Rf8d8
17.Qd1e2 Bc8b7
18.Nb5d4 Nc5e4
19.Bc1b2 e5
20.Nd4f3 Ra8c8
21.Rf1d1 Nf6g4
22.Rd1f1 Rc8xc4
23.Qe2xc4 Ne4d2
24.Qc4xg4 Bb7xf3
25.gxf3 Nd2xf1
26.Ra1xf1 Rd8d6
27.Kh1 { resign }
1-0

[Event "Tourn. n8112"]
[Site "www.chess-mail.com"]
[Date "2015.07.20"]
[Round "1"]
[White "Johnmcbride"]
[Black "Andychesston"]
[WhiteElo "1810"]
[BlackElo "1820"]
[Result "0-1"]
[Round "1"]
1.e4 d5
2.exd5 Qd8xd5
3.Nb1c3 Qd5d6
4.d3 Nb8c6
5.Bc1e3 e5
6.Qd1d2 Ng8f6
7.Nc3b5 Qd6d7
8.O-O-O b6
9.a3 a6
10.Nb5c3 Bc8b7
11.Ng1f3 Bf8e7
12.Bf1e2 O-O-O
13.h3 h6
14.Qd2e1 Nf6d5
15.Nc3xd5 Qd7xd5
16.Kb1 Be7f6
17.c4 Qd5e6
18.c5 b5
19.Nf3d2 b4
20.Be2g4 Rd8xd3
21.Bg4xe6 fxe6
22.Nd2c4 Rd3b3
23.a4 e4
24.Be3c1 Nc6d4
25.Bc1e3 e5
26.Nc4d2 Rb3d3
27.Nd2c4 Rh8d8
28.Qe1xb4 Nd4c6
29.Nc4d6 cxd6
30.Qb4xe4 Rd3b3
31.Rd1d4 Nc6xd4
32.Qe4g6 d5
33.Be3xd4 exd4
34.Qg6f5 Kb8
35.Rh1c1 Bb7c6
36.a5 d3
37.Ka2 Rb3xb2
38.Ka3 d2
39.Rc1d1 Rd8f8
40.Qf5f4 Kb7
41.Qf4d6 Rf8e8
42.g4 Bf6e7
43.Qd6e5 Be7xc5
44.Kxb2 Re8xe5
45.Rd1xd2 Bc5b4
46.f4 Re5e3
47.Rd2d4 Bb4xa5
48.h4 Ba5c3
{ resign }
0-1

[Event "Tourn. n7963"]
[Site "www.chess-mail.com"]
[Date "2015.07.20"]
[Round "1"]
[White "Nimzo"]
[Black "George1955"]
[WhiteElo "2680"]
[BlackElo "2650"]
[Result "0-1"]
[Round "1"]
1.d4 Ng8f6
2.c4 g6
3.g3 Bf8g7
4.Bf1g2 c5
5.Ng1f3 cxd4
6.Nf3xd4 Nb8c6
7.Nb1c3 O-O
8.O-O Qd8b6
9.Nd4c2 d6
10.b3 Qb6c5
11.Bc1b2 Qc5h5
12.Nc2e3 Bc8h3
13.Bg2f3 Qh5a5
14.Rf1e1 Ra8c8
15.Qd1c1 Qa5g5
16.Qc1d2 Rf8d8
17.Ra1d1 Qg5a5
18.Qd2c1 Bg7h6
19.Nc3b5 Nf6g4
20.Bf3xg4 Bh3xg4
21.f4 Bg4e6
22.Kg2 a6
23.Nb5c3 b5
24.Nc3d5 bxc4
25.Qc1xc4 Bh6f8
26.a4 Qa5c5
27.Qc4e4 Qc5a7
28.b4 Rc8b8
29.Rd1b1 Rd8c8
30.Re1c1 Be6d7
31.g4 Nc6d8
32.h4 Bd7c6
33.Kg3 e6
34.Nd5f6 Kg7
35.Qe4d4 Qa7xd4
36.Bb2xd4 e5
37.fxe5 Bc6xa4
38.Nf6d7 Nd8e6
39.Nd7xb8 Rc8xc1
40.Rb1xc1 Ne6xd4
41.Kf2 Ba4b5
42.e6 fxe6
43.g5 d5
44.Rc1c7 Kg8
45.Ne3g4 Bf8xb4
46.Ng4f6 Kf8
47.Rc7xh7 Nd4f5
48.Nb8d7 Bb5xd7
49.Nf6xd7 Kg8
50.Nd7f6 Kf8
51.h5 gxh5
52.Nf6xh5 a5
53.Kf3 Nf5h4
54.Kg4 Nh4g6
55.Rh7h6 Kf7
56.Nh5f4 Ng6f8
57.Rh6f6 Ke7
58.Nf4g6 { time. }
0-1

[Event "Tourn. n7963"]
[Site "www.chess-mail.com"]
[Date "2015.07.20"]
[Round "1"]
[White "Numanoid"]
[Black "Nimzo"]
[WhiteElo "2600"]
[BlackElo "2680"]
[Result "0-1"]
[Round "1"]
1.e4 e6
2.d4 d5
3.Nb1c3 Ng8f6
4.e5 Nf6d7
5.Ng1f3 c5
6.dxc5 Nb8c6
7.Bc1f4 Bf8xc5
8.Bf1d3 f6
9.exf6 Nd7xf6
10.Qd1e2 O-O
11.O-O-O a6
12.Kb1 Bc8d7
13.Nf3e5 Ra8c8
14.g4 Bd7e8
15.Ne5xc6 Rc8xc6
16.Bf4d2 e5
17.f3 Bc5d4
18.h4 Qd8b6
19.Nc3a4 Qb6c7
20.Bd2b4 b5
21.Na4c3 Be8f7
22.g5 Nf6h5
23.Bd3xh7 Kxh7
24.Bb4xf8 Rc6c4
25.Rd1d2 Qc7d8
26.Bf8xg7 Kxg7
27.Rd2xd4 exd4
28.Qe2e5 Kh7
29.Nc3e2 d3
30.cxd3 Bf7g6
31.Ka1 Bg6xd3
{ resign }
0-1

[Event "Tourn. n8259"]
[Site "www.chess-mail.com"]
[Date "2015.07.20"]
[Round "1"]
[White "Derik"]
[Black "Iko"]
[WhiteElo "1440"]
[BlackElo "1480"]
[Result "0-1"]
[Round "1"]
1.e4 e5
2.d3 Nb8c6
3.Nb1d2 d6
4.Ng1f3 Ng8f6
5.g3 d5
6.Bf1g2 Bc8g4
7.O-O dxe4
8.dxe4 Nc6d4
9.c3 Nd4xf3
 { time }
0-1

[Event "Tourn. n8202"]
[Site "www.chess-mail.com"]
[Date "2015.07.20"]
[Round "1"]
[White "Mitja"]
[Black "Anja"]
[WhiteElo "1560"]
[BlackElo "1680"]
[Result "0-1"]
[Round "1"]
1.d4 f5
2.e3 Ng8f6
3.a3 g6
4.Ng1f3 Bf8g7
5.Bf1c4 e6
6.h3 O-O
7.Bc4a2 Kh8
8.Bc1d2 Qd8e8
9.Bd2b4 d6
10.Nb1d2 Nb8c6
11.Bb4c3 e5
12.dxe5 dxe5
13.Nd2c4 e4
14.Nf3d4 Nc6xd4
15.Bc3xd4 Bc8e6
16.Bd4c3 Qe8f7
17.b3 Ra8d8
18.Qd1e2 Nf6d5
19.Bc3xg7 Qf7xg7
20.O-O Nd5c3
21.Qe2e1 Be6xc4
22.bxc4 c5
23.Ba2b3 a5
24.a4 Rd8d6
25.f4 Rf8d8
26.Kh2 Rd6d2
27.Rf1f2 Rd2d1
28.Ra1xd1 Rd8xd1
29.Qe1xd1 Nc3xd1
30.Rf2d2 Qg7a1
31.Rd2d8 Kg7
32.Rd8d7 Kh6
{ resign }
0-1

[Event "Tourn. n8205"]
[Site "www.chess-mail.com"]
[Date "2015.07.20"]
[Round "1"]
[White "Cathar"]
[Black "Szustan"]
[WhiteElo "2340"]
[BlackElo "2590"]
[Result "0-1"]
[Round "1"]
1.e4 e5
2.Ng1f3 Nb8c6
3.Bf1b5 a6
4.Bb5a4 Ng8f6
5.O-O Nf6xe4
6.d4 b5
7.Ba4b3 d5
8.dxe5 Bc8e6
9.Nb1d2 Ne4c5
10.c3 d4
11.Bb3xe6 Nc5xe6
12.cxd4 Nc6xd4
13.a4 c5
14.Nf3xd4 cxd4
15.Qd1f3 Ra8c8
16.axb5 axb5
17.Ra1a7 Rc8c7
18.Ra7a8 Rc7c8
19.Ra8xc8 Qd8xc8
20.Qf3d5 Qc8d7
21.Qd5a8 Qd7d8
22.Qa8b7 Qd8d7
23.Qb7b8 Ne6d8
24.Nd2e4 Bf8e7
25.Ne4f6 gxf6
26.exf6 Be7xf6
27.Rf1e1 Kf8
28.Bc1h6 Bf6g7
29.Qb8e5 Nd8e6
30.Re1a1 Qd7b7
31.Qe5d6 Ke8
32.Bh6xg7 Rh8g8
33.f4 Rg8xg7
34.g3 Rg7g6
35.f5 Ne6g5
36.fxg6 Ng5h3
37.Kf1 Qb7f3
38.Ke1 Qf3e3
39.Kd1 Nh3f2
40.Kc2 Qe3d3
41.Kc1 Qd3d1
{ resign }
0-1

[Event "Tourn. n8247"]
[Site "www.chess-mail.com"]
[Date "2015.07.20"]
[Round "1"]
[White "Tomcapp"]
[Black "Boyc"]
[WhiteElo "1540"]
[BlackElo "1669"]
[Result "1-0"]
[Round "1"]
1.Ng1f3 Ng8f6
2.d3 d5
3.Bc1g5 e6
4.Bg5xf6 Qd8xf6
5.Nb1d2 Qf6xb2
6.e4 Bf8e7
7.exd5 exd5
8.d4 Nb8c6
9.Ra1b1 Qb2xa2
10.Nf3e5 Nc6xd4
11.Nd2b3 Be7b4
12.Nb3d2 Nd4xc2
13.Ke2 Nc2d4
14.Ke1 Bb4xd2
15.Qd1xd2 Qa2xb1
16.Qd2d1 Qb1e4
17.Bf1e2  { time }
1-0

[Event "Tourn. n8101"]
[Site "www.chess-mail.com"]
[Date "2015.07.20"]
[Round "1"]
[White "Knitwit"]
[Black "Bjonil60"]
[WhiteElo "1279"]
[BlackElo "1320"]
[Result "1-0"]
[Round "1"]
1.e4 e5
2.Ng1h3 h6
3.Bf1d3 Nb8c6
4.O-O f6
5.Nb1c3 Qd8e7
6.Qd1h5 Kd8
7.Nc3d5 Qe7e6
8.Nd5e3 d6
9.a4 b5
10.axb5 Nc6e7
11.b4 Bc8b7
12.Bd3c4 Qe6d7
13.b6 cxb6
14.Ne3d5 Ne7xd5
15.Bc4xd5 Bb7xd5
16.f3 Bd5f7
17.Qh5h4 g5
18.Qh4f2 Bf7c4
19.d3 Bc4b5
20.Bc1a3 Ng8e7
21.Ba3b2 Bf8g7
22.c4 Bb5a6
23.b5 Ba6b7
24.g4 a6
25.bxa6 Bb7c8
26.d4 Bc8xa6
27.Qf2e3 Ba6xc4
28.Rf1f2 d5
29.Ra1xa8 Ne7c8
30.Qe3a3 Bg7f8
31.Qa3a4 Qd7b7
32.Bb2c3 Kc7
33.Rf2b2 b5
34.Qa4a5 Kd7
35.Nh3f2 Nc8e7
36.Ra8a7 Qb7xa7
37.Qa5xa7 Ke6
38.Qa7c5 Ne7g6
39.Qc5b6 Kf7
40.Rb2b1 exd4
41.Bc3xd4 Ng6f4
42.Kh1 Nf4e6
43.Qb6b7 Kg6
44.Rb1a1 Bf8g7
45.Ra1a6 Ne6d8
46.Qb7c8 Nd8e6
47.Qc8xe6 Rh8b8
48.Nf2h3 b4
49.Ra6a7 Bg7f8
50.Qe6xf6 
1-0

[Event "Tourn. n8296"]
[Site "www.chess-mail.com"]
[Date "2015.07.20"]
[Round "1"]
[White "Bjonil60"]
[Black "Gatrooper"]
[WhiteElo "1280"]
[BlackElo "1200"]
[Result "0-1"]
[Round "1"]
1.Nb1c3 Ng8f6
2.e3 e5
3.e4 a6
4.b3 Nb8c6
5.Qd1e2 d6
6.Ng1f3 Bc8g4
7.h3 Bg4xf3
8.Qe2xf3 Nc6d4
9.Qf3d1 h6
10.g3 d5
11.f3 dxe4
12.fxe4 Bf8b4
13.Nc3e2 Nf6xe4
14.Ne2xd4 Qd8xd4
15.Ra1b1 Qd4f2

0-1

[Event "Tourn. n8278"]
[Site "www.chess-mail.com"]
[Date "2015.07.20"]
[Round "1"]
[White "Panham"]
[Black "Fred"]
[WhiteElo "1980"]
[BlackElo "1970"]
[Result "1-0"]
[Round "1"]
1.d4 e6
2.c4 Bf8b4
3.Bc1d2 Bb4xd2
4.Qd1xd2 Ng8f6
5.Nb1c3 b6
6.e3 Bc8b7
7.Qd2d1 Nb8c6
8.Ng1f3 h6
9.Bf1e2 O-O
10.O-O d6
11.a3 e5
12.d5 Nc6e7
13.e4 a6
14.Qd1d2 b5
15.cxb5 axb5
16.Be2xb5 c6
17.dxc6 Ne7xc6
18.Ra1d1 Nc6e7
19.Rf1e1 Qd8b6
20.Qd2xd6 Qb6xd6
21.Rd1xd6 Ne7g6
22.Rd6b6 Bb7c8
23.Nf3d2 Bc8e6
24.f3 Nf6h5
25.g3 f5
26.Rb6xe6 Kh7
27.exf5 Rf8xf5
28.g4 Rf5g5
29.Nd2e4 Nh5f4
30.Ne4xg5 { resign }
1-0

[Event "Tourn. n8278"]
[Site "www.chess-mail.com"]
[Date "2015.07.20"]
[Round "1"]
[White "Bojan"]
[Black "Panham"]
[WhiteElo "1890"]
[BlackElo "1980"]
[Result "1-0"]
[Round "1"]
1.e4 e6
2.e5 d5
3.exd6 cxd6
4.d4 d5
5.Bf1d3 Nb8c6
6.Ng1f3 Qd8b6
7.c3 Ng8f6
8.Nb1d2 Bf8e7
9.h3 Bc8d7
10.Nf3h2 e5
11.dxe5 Nc6xe5
12.Bd3c2 O-O
13.Nd2f3 Be7d6
14.b3 Rf8e8
15.O-O Ra8c8
16.Bc1d2 Qb6c7
17.Kh1 Ne5c6
18.Bd2g5 Nf6e4
19.Bg5d2 Ne4xd2
20.Qd1xd2 d4
21.Qd2d3 g6
22.Nh2g4 Bd7xg4
23.hxg4 dxc3
24.Qd3xc3 Nc6e5
25.Qc3xc7 Rc8xc7
26.Bc2e4 Ne5xg4
27.Nf3d2 Bd6b4
28.Be4f3 Bb4xd2
29.Bf3xg4 Re8e4
30.Bg4f3 Re4h4
31.Kg1 b6
32.g3 Rh4d4
33.Rf1d1 Rc7d7
34.Bf3c6 Rd7d6
35.Bc6f3 Bd2c3
36.Rd1xd4 Rd6xd4
37.Ra1c1 Bc3b4
38.Rc1c7 a5
39.Bf3e2 Rd4d2
40.Be2c4 Rd2xa2
41.Rc7xf7 Bb4c5
42.Kf1 Ra2b2
43.g4 Rb2c2
44.Rf7f3 Kg7
45.Kg2 Kh6
46.Kg3 Kg5
47.Rf3f7 Kh6
48.f4 Rc2c3
49.Kg2 Bc5d6
50.Bc4d5 g5
51.Rf7f6 Kg7
52.Rf6xd6 gxf4
53.Rd6xb6 { resign }
1-0

[Event "Tourn. n8278"]
[Site "www.chess-mail.com"]
[Date "2015.07.20"]
[Round "1"]
[White "Guidom"]
[Black "Panham"]
[WhiteElo "2070"]
[BlackElo "1980"]
[Result "0-1"]
[Round "1"]
1.e4 e6
2.d4 d5
3.Nb1c3 Ng8f6
4.e5 Nf6d7
5.Ng1f3 c5
6.Bf1b5 a6
7.Bb5xd7 Bc8xd7
8.O-O Nb8c6
9.Bc1e3 cxd4
10.Be3xd4 Bf8e7
11.Qd1d3 O-O
12.Rf1e1 Ra8c8
13.a3 Nc6xd4
14.Qd3xd4 Be7c5
15.Qd4g4 Qd8b6
16.Nc3d1 f6
17.c3 Rc8e8
18.Re1e2 Bd7b5
19.Re2d2 Qb6c7
20.exf6 Rf8xf6
21.Nf3d4 Bb5d7
22.Qg4e2 Bc5d6
23.g3 e5
24.Nd4c2 d4
25.cxd4 exd4
26.Qe2d3 Bd7h3
27.Qd3xd4 Qc7xc2
28.Nd1e3 Qc2e4
29.Qd4xe4 Re8xe4
30.Ra1c1 Kf7
31.Ne3d5 Rf6e6
32.Rd2d1 Re4e2
33.b4 Bd6b8
34.a4 g5
35.b5 Re2a2
36.Nd5e3 Ra2xa4
37.Rd1d7 Re6e7
38.Rd7xe7 Kxe7
39.b6 Bb8e5
40.Rc1e1 Kd6
41.Re1c1 Ra4b4
42.Ne3c4 Kd5
43.Nc4e3 Ke6
{ resign }
0-1

[Event "Tourn. n8149"]
[Site "www.chess-mail.com"]
[Date "2015.07.20"]
[Round "1"]
[White "Averoes"]
[Black "Ffdd65"]
[WhiteElo "2160"]
[BlackElo "2160"]
[Result "1/2-1/2"]
[Round "1"]
1.d4 d5
2.c4 c6
3.Ng1f3 h6
4.Nb1c3 e6
5.Nf3e5 Nb8d7
6.e3 Nd7xe5
7.dxe5 Bc8d7
8.f4 Bf8b4
9.Bc1d2 Qd8a5
10.Qd1b3 Bb4xc3
11.Bd2xc3 Qa5c7
12.Bf1e2 Ng8e7
13.Bc3b4 c5
14.Bb4c3 b6
15.Be2f3 Bd7c6
16.O-O-O Ra8d8
17.h4 Qc7b7
18.g4 Qb7d7
19.cxd5 Bc6a4
20.dxe6 Qd7xd1
21.Bf3xd1 Ba4xb3
22.Bd1xb3 fxe6
23.Bb3xe6 Ne7d5
24.Rh1h3 Nd5xc3
25.bxc3 b5
26.f5 Ke7
27.e4 b4
28.Be6d5 Rd8b8
29.Kc2 Rb8b6
30.c4 a5
31.Rh3f3 Rh8b8
32.g5 hxg5
33.hxg5 a4
34.f6 gxf6
35.exf6 Kd6
36.f7 b3
37.axb3 axb3
38.Kb2 Ke7
39.g6 Rb6xg6
40.Rf3f2 Rg6a6
41.f8Q Rb8xf8
42.Rf2xf8 Kxf8
43.Kxb3 Ke7
44.e5 Ra6e6
45.Bd5xe6 Kxe6
46.Kc3 Kxe5
47.Kd3 Kf4
48.Kd2 Ke4
49.Kc3 Ke3
50.Kc2 Kd4
51.Kd2 Kxc4
52.Kc2 Kb4
53.Kb2 c4
54.Kc2 c3
55.Kc1 Ka4
56.Kc2 Ka3
57.Kxc3 Ka2
58.Kc2 Ka1
59.Kc1 { draw }
1/2-1/2

[Event "Tourn. n8260"]
[Site "www.chess-mail.com"]
[Date "2015.07.20"]
[Round "1"]
[White "Awfen"]
[Black "Jjmcbride"]
[WhiteElo "1890"]
[BlackElo "1890"]
[Result "1-0"]
[Round "1"]
1.e4 e5
2.Ng1f3 d5
3.exd5 Qd8xd5
4.Nb1c3 Qd5e6
5.Bf1b5 c6
6.Bb5a4 h6
7.O-O Bf8d6
8.d4 Bc8d7
9.d5 Qe6g6
10.Rf1e1 f6
11.Nf3h4 Qg6g4
12.Nh4f3 c5
13.Ba4xd7 Qg4xd7
14.Qd1d3 Ng8e7
15.Nc3e4 O-O
16.Nf3h4 Nb8a6
17.a3 b5
18.Ne4xd6 c4
{ time. }
1-0

[Event "Tourn. n8260"]
[Site "www.chess-mail.com"]
[Date "2015.07.20"]
[Round "1"]
[White "Redabond"]
[Black "Awfen"]
[WhiteElo "1639"]
[BlackElo "1890"]
[Result "0-1"]
[Round "1"]
1.e4 Nb8c6
2.Ng1f3 e5
3.Bf1c4 d6
4.O-O Ng8f6
5.d3 Bc8g4
6.h3 Bg4h5
7.Bc1e3 Bf8e7
8.Nb1c3 O-O
9.g4 Bh5g6
10.d4 exd4
11.Be3xd4 Nc6xd4
12.Nf3xd4 Nf6xe4
13.Nc3xe4 Bg6xe4
14.f3 Be4g6
15.h4 Be7xh4
16.f4 Bg6e4
17.Qd1e2 Rf8e8
18.Bc4d3 Be4d5
19.Qe2h2 g6
20.c4 Bd5c6
21.Nd4xc6 bxc6
22.g5 Bh4xg5
23.fxg5 Qd8xg5
24.Qh2g2 Qg5e3
25.Kh1 Qe3xd3
26.Qg2xc6 Qd3h3
27.Kg1 Ra8c8
28.Qc6d5 Re8e7
29.Qd5b7 Re7e2
30.b3 Qh3h2
{ resign }
0-1

[Event "Tourn. n8304"]
[Site "www.chess-mail.com"]
[Date "2015.07.20"]
[Round "1"]
[White "Mitja"]
[Black "Vitoriccardo"]
[WhiteElo "1660"]
[BlackElo "1710"]
[Result "1-0"]
[Round "1"]
1.d4 d5
2.e3 Nb8c6
3.h3 e5
4.dxe5 Nc6xe5
5.c3 Ng8f6
6.Ng1f3 Bf8d6
7.Nf3xe5 Bd6xe5
8.Nb1d2 O-O
9.Nd2f3 Be5d6
10.Bf1d3 b6
11.Bd3c2 Bc8b7
12.b3 Nf6e4
13.Qd1d3 g6
14.Bc1b2 c5
15.Nf3d2 Ne4xd2
16.Qd3xd2 Bd6e5
17.f4 Be5g7
18.O-O-O Rf8e8
19.Rh1e1 Qd8c7
20.g4 Ra8d8
21.Qd2f2 a5
22.f5 Qc7e5
23.Bc2b1 c4
24.bxc4 dxc4
25.Rd1xd8 Re8xd8
26.Re1d1 Rd8xd1
27.Kxd1 Bb7e4
28.Bb1xe4 Qe5xe4
29.Kc1 Qe4d3
30.Qf2d2 Qd3xd2
31.Kxd2 g5
32.e4 Bg7e5
33.a4 f6
34.Bb2a3 Kf7
35.Kc2 Ke8
36.Kd2 Kd7
37.Kc2 Kc6
38.Kd2 Be5d6
39.Ba3c1 Bd6f4
40.Kc2 Bf4xc1
41.Kxc1 Kd6
42.Kd2 Ke5
43.Ke3 h6
44.Kf3 Kd6
45.Ke3 Kc5
46.Kd2 b5
47.axb5 Kxb5
48.e5 Kc5
49.e6 Kd6
50.Kc2 { resign }
1-0

[Event "Tourn. n8259"]
[Site "www.chess-mail.com"]
[Date "2015.07.20"]
[Round "1"]
[White "Iko"]
[Black "Culiflori"]
[WhiteElo "1480"]
[BlackElo "999"]
[Result "0-1"]
[Round "1"]
1.e4 e5
2.Ng1f3 Nb8c6
3.Bf1b5 a6
4.Bb5xc6 dxc6
5.Nf3xe5 Qd8d4
6.Ne5f3 Qd4xe4
7.Qd1e2 Bc8f5
8.d3 Qe4xe2
9.Kxe2 O-O-O
10.Rh1e1 Ng8f6
11.Bc1e3 Bf8d6
12.g3 Bf5g4
13.c4 Rh8e8
14.Nb1d2 Bd6b4
15.a3 Bb4xd2
16.Kxd2 Bg4xf3
17.a4 Nf6g4
18.h3 Ng4xe3
19.fxe3 Bf3g2
20.h4 Bg2e4
21.Re1d1 Be4xd3
22.Kc3 Bd3e2
23.Rd1e1 Re8xe3
24.Kb4 Rd8e8
25.Ra1c1 Re3xg3
26.Rc1c2 Rg3e3
27.Re1g1 g6
28.c5 Be2h5
29.Rg1f1 f5
30.Kc4 Re3e4
31.Kd3 Re4xa4
32.Rc2c3 Bh5e2
33.Kd2 Be2xf1
34.b3 Ra4d4
35.Kc2 Rd4xh4
36.Kb2 f4
37.Rc3f3 Re8e2
38.Ka3 Bf1g2
39.Rf3d3 f3
40.b4 f2
41.Kb3 Rh4h3
42.Rd3xh3 Bg2xh3
43.Kc3 f1Q
44.Kd4 Qf1d1
45.Kc4 Re2c2
46.Kb3 Qd1b1
47.Ka3 Rc2a2

0-1

[Event "Tourn. n8198"]
[Site "www.chess-mail.com"]
[Date "2015.07.20"]
[Round "1"]
[White "Feli"]
[Black "Theos666"]
[WhiteElo "1499"]
[BlackElo "1300"]
[Result "1-0"]
[Round "1"]
1.d4 Ng8f6
2.c4 d5
3.cxd5 Nf6xd5
4.Ng1f3 f6
5.e4 Nd5b6
6.h3 Nb8d7
7.Bc1f4 g5
8.Nf3xg5 fxg5
9.Qd1h5 { resign }
1-0